Los pobres de Madrid (Record no. 161109)

MARC details
000 -LEADER
campo de control de longitud fija 00947nam a2200169 i 4500
001 - NÚMERO DE CONTROL
campo de control 161109
003 - IDENTIFICADOR DE NÚMERO DE CONTROL
campo de control ES-MaACL
005 - FECHA Y HORA DE LA ÚLTIMA TRANSACCIÓN
campo de control 20230906212208.0
008 - DATOS DE LONGITUD FIJA--INFORMACIÓN GENERAL
campo de control de longitud fija 010830s1857 sp |||| | spa d
040 ## - FUENTE DE CATALOGACIÓN
Centro catalogador/agencia de origen AR
Lengua de catalogación spa
Centro/agencia transcriptor AR
100 0# - ENTRADA PRINCIPAL--NOMBRE DE PERSONA
Nombre de persona Ortíz de Pinedo, Manuel.
9 (RLIN) 87604
245 14 - MENCIÓN DEL TÍTULO
Título Los pobres de Madrid
Resto del título : drama en seis cuadros y un prólogo /
Mención de responsabilidad, etc. arreglado a la escena española por Manuel Ortiz de Pinedo.
260 ## - PUBLICACIÓN, DISTRIBUCIÓN, ETC.
Lugar de publicación, distribución, etc. Madrid :
Nombre del editor, distribuidor, etc. [Galería Lírico-Dramática],
Fecha de publicación, distribución, etc. 1857 (
Fabricante Imp. de José Rodríguez)
300 ## - DESCRIPCIÓN FÍSICA
Extensión 68 p ;
Dimensiones 19 cm.
596 ## - NOTA AL PIE DE IMPRENTA
NOTA AL PIE DE IMPRENTA Nombre del ed. tomado de la cub.
852 ## - LOCALIZACIÓN
Ubicación ES-MaACL
Número de control de estantería D-703(7)
Nota libre -- Enc. hol. conservando la cub. original
-- -- Legado M. de la Fuente
-- -- Enc. en un vol. facticio
Encuadernación -- Edic.: En la cub. original consta la serie: (El teatro : coleccion de obras dramaticas y liricas) - En verso de la port. consta: "... Los corresponsales de los Sres. Gullon y Regoyos, editores de la galeria lírico-dramática ..."
Holdings
Estatus retirado Estado de pérdida Estado de daño No para préstamo Colección Biblioteca de origen Biblioteca actual Ubicación en estantería Fecha de adquisición Fuente de adquisición Total de préstamos Signatura topográfica completa Código de barras Visto por última vez Precio de reemplazo Tipo de ítem Koha
        Libros del s. XIX Biblioteca del Ateneo de Madrid Biblioteca del Ateneo de Madrid Sala Valle Inclán 17/01/2008     D-703(7) 901168747 23/02/2023 23/02/2023 Libro impreso antiguo